| 000 | 01720nam a22002297a 4500 | ||
|---|---|---|---|
| 999 |
_c6288 _d6288 |
||
| 003 | DO-SdBJH | ||
| 005 | 20210629123027.0 | ||
| 008 | 210629b ||||| |||| 00| 0 spa d | ||
| 040 |
_aDO-SdBJH _bspa _cDO-SdBJH |
||
| 090 |
_aTG EGDDHHyDIH _b01570 2019 |
||
| 100 | 1 |
_aMercedes Morel, Lucifabery _esustentante |
|
| 245 | 1 | 0 |
_aAplicación de las normativas sobre las señalizaciones para protección de los bienes y monumentos culturales en República Dominicana, 2017-2018 / _cLucifabery Mercedes Morel, asesores, Henrry Alexi Vargas Santos, Juan Carlos Estrella Balbuena |
| 260 |
_aSanto Domingo : _bINSUDE, _c2019 |
||
| 300 | _aix, 113 páginas | ||
| 502 | _aTesis (Especialidad en Derechos Humanos y Derecho Internacional Humanitario) -- Instituto Superior para la Defensa (INSUDE). -- Escuela de Graduados en Derechos Humanos y Derecho Internacional Humanitario, 2019 | ||
| 504 | _aIncluye referencias bibliográficas e índices | ||
| 505 | _aMarco jurídico internacional vinculante con la normativa nacional para la protección de los bienes y monumentos culturales en República Dominicana, 2017-2018. -- Bienes y monumentos culturales protegidos por la legislación nacional. -- Diagnostico del estado actual de las señalizaciones para la protección en República Dominicana, 2017-2018. -- Aspectos a tomar en cuenta para una política de señalización y protección efectiva de los bienes y monumentos culturales en República Dominicana | ||
| 700 | 1 |
_aVargas Santos, Henrry Alexi _easesor |
|
| 700 | 1 |
_aEstrella Balbuena, Juan Carlos _easesor |
|
| 830 | _aINSUDE. Escuela de Graduados en Derechos Humanos y Derecho Internacional Humanitario. Tesis y disertaciones académicas | ||
| 942 |
_2CL _cT |
||